| 000 | 00432nam a22001817a 4500 | ||
|---|---|---|---|
| 003 | OSt | ||
| 005 | 20180116183049.0 | ||
| 008 | 160726b xxu||||| |||| 00| 0 eng d | ||
| 020 | _a0 | ||
| 040 | _c0 | ||
| 082 | _a891.43917 ARI 1989 | ||
| 100 | _aIftikhar Arif | ||
| 245 |
_aThe Twelfth Man _cIftikhar Arif |
||
| 260 |
_aKarachi _bMaktab-e-Danyal _c1989 |
||
| 300 |
_a69 p. _bPB |
||
| 440 | _aThe Twelfth Man | ||
| 942 |
_2ddc _cBK |
||
| 999 |
_c351535 _d351535 |
||